000 00495cam a2200205ua 4500
001 7414
008 141209n ii |||gr||||Z||||||ben
020 _a8173320004
040 _cMAIN
041 _aben
082 _a891.443
100 _aMitra, K.,
_eAuthor.
245 1 _aBanglar dakat
_cBy Khagendranath Mitra
250 _a1st.
260 _aCalcutta:
_bPunasba,
_c1992.
300 _a286p.
653 _aEast Indo-European & Celtic literatures
653 _aBengali novels
942 _cBK
999 _c6537
_d6537